L'illa dels tresors
Descripción Física:
1 punt de llibre ; il. col. ; 5 x 19 cm.
Materias:
Barcelona (Catalunya : Província). -- Xarxa de Biblioteques Municipals -- Màrqueting
; Punts de llibre
Idioma:
Catalán
MARC
| LEADER | 00000nrm a22000007a 4500 | ||
|---|---|---|---|
| 001 | 27278 | ||
| 003 | Arxiu | ||
| 005 | 20260324181151.0 | ||
| 008 | 230117b spa||||| |||| 00| 0 cat d | ||
| 017 | |a B 10422-2019 | ||
| 040 | |a agdb |b cat | ||
| 245 | |a L'illa dels tresors | ||
| 260 | |a Barcelona : |b Diputació de Barcelona ; |c 2019 | ||
| 300 | |a 1 punt de llibre ; |b il. col. ; |c 5 x 19 cm. | ||
| 610 | 1 | 0 | |a Barcelona (Catalunya : Província). |b Xarxa de Biblioteques Municipals |x Màrqueting |
| 655 | 0 | |9 52700 |a Punts de llibre | |
| 710 | 1 | |a Barcelona (Catalunya : Província). |b Diputació |9 52408 | |
| 710 | 1 | |9 52650 |a Barcelona (Catalunya : Província). |b Xarxa de Biblioteques Municipals | |
| 942 | |2 udc |c ARXIU |n 1 | ||
| 952 | |0 0 |1 0 |2 udc |4 0 |6 NBM16195 |7 1 |9 65056 |a Arxiu |b Arxiu |d 2023-01-17 |l 0 |o NBM-16-195 |p 27278 |r 2023-01-17 00:00:00 |w 2023-01-17 |y ARXIU | ||
| 999 | |c 82980 |d 82980 | ||